000 00774nam a2200217 i 4500
001 93579
003 ES-MaACL
005 20251010180231.0
007 t|
008 050414s1974 sp ||||1| spa d
080 _a929 Asturias, Miguel Ángel(049.3)
100 1 _aLópez Álvarez, Luis,
_d1930-
_973395
245 1 0 _aConversaciones con Miguel Ángel Asturias /
_cLuis López Álvarez.
260 _aMadrid :
_bMagisterio Español,
_c1974.
300 _a215 p., [2] h. de lám :
_bil. ;
_c18 cm.
490 1 _aNovelas y cuentos ;
_v155. Cultura. Entrevistas
600 1 4 _aAsturias, Miguel Ángel,
_d1899-1974-
_vEntrevistas
_9173053
830 1 0 _aNovelas y cuentos
_v155. Cultura. Entrevistas
_9179596
852 _aES-MaACL
_jE-6699
999 _c93579
_d93579